[Event "11th LCC FIDE Open 2019"]
[Site "London"]
[Date "2019.12.02"]
[Round "5.43"]
[White "Modi, Shyam Jagdish"]
[Black "Rogacewicz, Mikolaj"]
[Result "*"]
[WhiteElo "2124"]
[BlackElo "1921"]
[Annotator "ChessBase"]
[PlyCount "29"]
[EventDate "2019.11.29"]
[EventType "swiss"]
[EventCountry "ENG"]
[SourceTitle "playchess.com"]
[Source "ChessBase"]
[SourceQuality "1"]
[TimeControl "40/5400+30:1800+30"]

1. d4 {[%emt 0:00:00]} e6 {[%emt 0:00:00]} 2. c4 {[%emt 0:00:00]} Nf6 {[%emt 0:00:14]} 3. g3 {[%emt 0:00:00]} d5 {[%emt 0:00:20]} 4. Nf3 {[%emt 0:00:00]} dxc4 {[%emt 0:00:30]} 5. Bg2 {[%emt 0:00:00]} Bb4+ {[%emt 0:00:13]} 6. Bd2 {[%emt 0:00:00]} a5 {[%emt 0:00:12]} 7. Qc2 {[%emt 0:00:37]} Bxd2+ {[%emt 0:00:25]} 8. Qxd2 {[%emt 0:00:32]} c6 {[%emt 0:00:22]} 9. a4 {[%emt 0:01:51]} Ne4 {[%emt 0:00:17]} 10. Qc2 {[%emt 0:10:14]} Nd6 {[%emt 0:00:24]} 11. Ne5 {[%emt 0:03:40]} Na6 {[%emt 0:07:02]} 12. Nd2 {[%emt 0:15:38]} Nb4 {[%emt 0:03:55]} 13. Qc3 {[%emt 0:05:45]} f6 {[%emt 0:02:43]} 14. Nef3 {[%emt 0:01:57]} b5 {[%emt 0:03:46]} 15. O-O {[%emt 0:05:12]} *

[Event "11th LCC FIDE Open 2019"]
[Site "London"]
[Date "2019.12.02"]
[Round "5.43"]
[White "Bucher, Grant W"]
[Black "Kuzhelev, Timur"]
[Result "1-0"]
[WhiteElo "2121"]
[BlackElo "1716"]
[Annotator "ChessBase"]
[PlyCount "141"]
[EventDate "2019.11.29"]
[EventType "swiss"]
[EventCountry "ENG"]
[SourceTitle "playchess.com"]
[Source "ChessBase"]
[SourceQuality "1"]
[TimeControl "40/5400+30:1800+30"]

1. e4 {[%emt 0:00:00]} e5 {[%emt 0:00:00]} 2. f4 {[%emt 0:00:00]} d5 {[%emt 0:00:05]} 3. exd5 {[%emt 0:00:00]} exf4 {[%emt 0:00:03]} 4. Nf3 {[%emt 0:00:02]} Nf6 {[%emt 0:00:05]} 5. Bc4 {[%emt 0:00:19]} Nxd5 {[%emt 0:00:30]} 6. Nc3 {[%emt 0:00:19]} Nxc3 {[%emt 0:00:29]} 7. dxc3 {[%emt 0:00:14]} Qxd1+ {[%emt 0:00:55]} 8. Kxd1 {[%emt 0:00:06]} Bd6 {[%emt 0:00:03]} 9. Re1+ {[%emt 0:01:44]} Kf8 {[%emt 0:00:11]} 10. Ne5 {[%emt 0:01:39]} Bxe5 {[%emt 0:00:09]} 11. Rxe5 {[%emt 0:00:06]} Nc6 {[%emt 0:00:04]} 12. Rc5 {[%emt 0:12:56]} Bg4+ {[%emt 0:00:22]} 13. Ke1 {[%emt 0:04:44]} g5 {[%emt 0:04:24]} 14. Rxg5 {[%emt 0:09:50]} f5 {[%emt 0:00:14]} 15. Bxf4 {[%emt 0:20:59]} Re8+ {[%emt 0:00:18]} 16. Kf2 {[%emt 0:02:16]} Re4 {[%emt 0:00:08]} 17. Rxg4 {[%emt 0:01:37]} fxg4 {[%emt 0:00:18]} 18. Bh6+ {[%emt 0:00:06]} Ke7 {[%emt 0:01:00]} 19. Bd3 {[%emt 0:06:40]} Re6 {[%emt 0:01:33]} 20. Bg5+ {[%emt 0:03:16]} Kd7 {[%emt 0:01:35]} 21. Kg3 {[%emt 0:04:00]} Kd6 {[%emt 0:04:42]} 22. Bf4+ {[%emt 0:07:58]} Ne5 {[%emt 0:04:52]} 23. Rd1 {[%emt 0:05:39]} Kc6 {[%emt 0:03:26]} 24. Bf5 {[%emt 0:05:04]} Re7 {[%emt 0:00:18]} 25. Be4+ {[%emt 0:01:00]} Kb6 {[%emt 0:00:19]} 26. Rd5 {[%emt 0:01:00]} Nd7 {[%emt 0:01:36]} 27. Bf5 {[%emt 0:04:03]} Nf6 {[%emt 0:00:57]} 28. Re5 {[%emt 0:01:27]} Rhe8 {[%emt 0:01:53]} 29. Rxe7 {[%emt 0:02:16]} Rxe7 {[%emt 0:00:06]} 30. Bg5 {[%emt 0:00:49]} Rf7 {[%emt 0:00:36]} 31. Bxf6 {[%emt 0:00:34]} Rxf6 {[%emt 0:00:31]} 32. Bxh7 {[%emt 0:00:10]} Kc5 {[%emt 0:00:08]} 33. Kxg4 {[%emt 0:00:31]} Rh6 {[%emt 0:00:18]} 34. Be4 {[%emt 0:00:13]} Rxh2 {[%emt 0:00:07]} 35. Bxb7 {[%emt 0:00:41]} c6 {[%emt 0:00:04]} 36. Kg3 {[%emt 0:00:26]} Rh1 {[%emt 0:00:08]} 37. Ba6 {[%emt 0:01:53]} Rb1 {[%emt 0:00:06]} 38. b3 {[%emt 0:02:13]} Rb2 {[%emt 0:00:06]} 39. Bd3 {[%emt 0:00:09]} Rxa2 {[%emt 0:00:35]} 40. Kf4 {[%emt 0:00:13]} a5 {[%emt 0:00:03]} 41. g4 {[%emt 0:32:07]} a4 {[%emt 0:30:08]} 42. bxa4 {[%emt 0:00:00]} Rxa4+ {[%emt 0:00:00]} 43. Kf5 {[%emt 0:00:00]} Kd6 {[%emt 0:00:00]} 44. g5 {[%emt 0:00:00]} Ke7 {[%emt 0:00:00]} 45. g6 {[%emt 0:00:00]} Kf8 {[%emt 0:00:00]} 46. Ke6 {[%emt 0:00:00]} Rf4 {[%emt 0:00:00]} 47. Kd6 {[%emt 0:00:00]} Rf6+ {[%emt 0:00:00]} 48. Kc5 {[%emt 0:00:00]} Kg7 {[%emt 0:00:00]} 49. Kb6 {[%emt 0:00:00]} Re6 {[%emt 0:00:00]} 50. c4 {[%emt 0:00:00]} Kf6 {[%emt 0:00:00]} 51. c5 {[%emt 0:00:00]} Kg7 {[%emt 0:00:00]} 52. Bf5 {[%emt 0:00:00]} Re5 {[%emt 0:00:00]} 53. Bd7 {[%emt 0:00:22]} Kxg6 {[%emt 0:00:00]} 54. Kxc6 {[%emt 0:01:58]} Kf6 {[%emt 0:00:00]} 55. Kd6 {[%emt 0:01:57]} Re2 {[%emt 0:00:00]} 56. c4 {[%emt 0:00:38]} Rd2+ {[%emt 0:00:00]} 57. Kc7 {[%emt 0:00:21]} Ke7 {[%emt 0:00:00]} 58. Bb5 {[%emt 0:00:11]} Rh2 {[%emt 0:00:00]} 59. c6 {[%emt 0:00:51]} Rh7 {[%emt 0:00:00]} 60. c5 {[%emt 0:01:20]} Rg7 {[%emt 0:00:00]} 61. Bc4 {[%emt 0:01:44]} Rg1 {[%emt 0:00:00]} 62. Bd3 {[%emt 0:01:04]} Rc1 {[%emt 0:00:00]} 63. Kb6 {[%emt 0:00:19]} Rc3 {[%emt 0:00:00]} 64. c7 {[%emt 0:00:36]} Rb3+ {[%emt 0:00:00]} 65. Kc6 {[%emt 0:00:17]} Rxd3 {[%emt 0:00:00]} 66. c8=Q {[%emt 0:00:05]} Kf6 {[%emt 0:00:00]} 67. Qf8+ {[%emt 0:00:33]} Ke5 {[%emt 0:00:00]} 68. Qe7+ {[%emt 0:00:08]} Kd4 {[%emt 0:00:00]} 69. Qd6+ {[%emt 0:00:09]} Kc4 {[%emt 0:00:00]} 70. Qxd3+ {[%emt 0:00:06]} Kxd3 {[%emt 0:00:00]} 71. Kd5 {[%emt 0:00:06]} 1-0

[Event "11th LCC FIDE Open 2019"]
[Site "London"]
[Date "2019.12.02"]
[Round "5.44"]
[White "Dias, Savin"]
[Black "Bates, Caspar J"]
[Result "1-0"]
[WhiteElo "1916"]
[BlackElo "2120"]
[Annotator "ChessBase"]
[PlyCount "139"]
[EventDate "2019.11.29"]
[EventType "swiss"]
[EventCountry "ENG"]
[SourceTitle "playchess.com"]
[Source "ChessBase"]
[SourceQuality "1"]
[TimeControl "40/5400+30:1800+30"]

1. e4 {[%emt 0:00:00]} e6 {[%emt 0:04:36]} 2. d4 {[%emt 0:00:00]} d5 {[%emt 0:00:04]} 3. Nc3 {[%emt 0:00:00]} Nc6 {[%emt 0:00:29]} 4. e5 {[%emt 0:03:23]} b6 {[%emt 0:02:05]} 5. f4 {[%emt 0:01:34]} Bb7 {[%emt 0:00:43]} 6. Nf3 {[%emt 0:00:19]} Qd7 {[%emt 0:02:17]} 7. Bd3 {[%emt 0:01:34]} O-O-O {[%emt 0:06:57]} 8. Be3 {[%emt 0:02:50]} f5 {[%emt 0:00:27]} 9. O-O {[%emt 0:01:16]} Nh6 {[%emt 0:00:22]} 10. h3 {[%emt 0:00:10]} Be7 {[%emt 0:03:12]} 11. Qd2 {[%emt 0:03:13]} Kb8 {[%emt 0:05:14]} 12. Nd1 {[%emt 0:02:47]} Nb4 {[%emt 0:04:02]} 13. Be2 {[%emt 0:00:43]} c5 {[%emt 0:00:07]} 14. c3 {[%emt 0:03:07]} Nc6 {[%emt 0:00:28]} 15. Nf2 {[%emt 0:04:04]} c4 {[%emt 0:05:01]} 16. g4 {[%emt 0:08:19]} Nf7 {[%emt 0:00:19]} 17. gxf5 {[%emt 0:03:50]} exf5 {[%emt 0:00:13]} 18. Kh1 {[%emt 0:04:41]} Rc8 {[%emt 0:01:07]} 19. Rg1 {[%emt 0:03:07]} g6 {[%emt 0:00:14]} 20. Ng5 {[%emt 0:10:16]} Ncd8 {[%emt 0:09:00]} 21. e6 {[%emt 0:01:08]} Nxe6 {[%emt 0:00:47]} 22. Nxf7 {[%emt 0:00:11]} Rhf8 {[%emt 0:01:42]} 23. Ne5 {[%emt 0:00:31]} Qd8 {[%emt 0:01:12]} 24. Qc1 {[%emt 0:05:49]} Bf6 {[%emt 0:00:21]} 25. Nf3 {[%emt 0:07:58]} Qd6 {[%emt 0:02:41]} 26. Bd2 {[%emt 0:08:30]} Rc7 {[%emt 0:00:44]} 27. Ng5 {[%emt 0:02:47]} Nd8 {[%emt 0:00:23]} 28. Qc2 {[%emt 0:01:49]} Qe7 {[%emt 0:00:30]} 29. Rae1 {[%emt 0:00:37]} Qg7 {[%emt 0:00:02]} 30. Bd1 {[%emt 0:02:29]} Bc8 {[%emt 0:01:04]} 31. Re2 {[%emt 0:03:11]} Qh6 {[%emt 0:00:32]} 32. Kh2 {[%emt 0:01:32]} Nb7 {[%emt 0:00:19]} 33. Ne6 {[%emt 0:02:20]} Bxe6 {[%emt 0:00:02]} 34. Rxe6 {[%emt 0:00:08]} Re7 {[%emt 0:01:27]} 35. Rxe7 {[%emt 0:00:13]} Bxe7 {[%emt 0:00:02]} 36. Bf3 {[%emt 0:01:33]} Rd8 {[%emt 0:00:11]} 37. Re1 {[%emt 0:01:02]} Bd6 {[%emt 0:01:20]} 38. Qc1 {[%emt 0:01:28]} Bc7 {[%emt 0:00:02]} 39. Kg2 {[%emt 0:02:13]} Qh4 {[%emt 0:01:46]} 40. Nh1 {[%emt 0:01:46]} Nd6 {[%emt 0:03:19]} 41. Bxd5 {[%emt 0:07:39]} Ne4 {[%emt 0:00:02]} 42. Bxe4 {[%emt 0:00:20]} fxe4 {[%emt 0:00:02]} 43. Rxe4 {[%emt 0:00:44]} g5 {[%emt 0:00:15]} 44. Qe1 {[%emt 0:01:55]} Qxe1 {[%emt 0:00:45]} 45. Rxe1 {[%emt 0:00:19]} gxf4 {[%emt 0:00:10]} 46. Re4 {[%emt 0:00:16]} Rg8+ {[%emt 0:00:18]} 47. Kf2 {[%emt 0:00:13]} Rf8 {[%emt 0:01:08]} 48. Kf3 {[%emt 0:00:09]} Rg8 {[%emt 0:00:04]} 49. Bxf4 {[%emt 0:00:12]} Bxf4 {[%emt 0:00:44]} 50. Rxf4 {[%emt 0:00:05]} Rg1 {[%emt 0:00:09]} 51. Ng3 {[%emt 0:00:49]} Ra1 {[%emt 0:00:33]} 52. Re4 {[%emt 0:00:17]} Rxa2 {[%emt 0:00:07]} 53. Re2 {[%emt 0:00:04]} a5 {[%emt 0:00:11]} 54. Ne4 {[%emt 0:00:12]} Kc7 {[%emt 0:00:17]} 55. Nf6 {[%emt 0:00:13]} h6 {[%emt 0:01:02]} 56. Ng4 {[%emt 0:00:24]} h5 {[%emt 0:00:51]} 57. Nf6 {[%emt 0:00:06]} h4 {[%emt 0:00:02]} 58. Nh5 {[%emt 0:00:12]} b5 {[%emt 0:00:28]} 59. Rd2 {[%emt 0:00:51]} Kd6 {[%emt 0:00:20]} 60. Ng7 {[%emt 0:00:16]} b4 {[%emt 0:00:27]} 61. Ke2 {[%emt 0:01:45]} b3 {[%emt 0:00:48]} 62. Nf5+ {[%emt 0:00:16]} Kc6 {[%emt 0:00:09]} 63. d5+ {[%emt 0:00:04]} Kd7 {[%emt 0:00:26]} 64. Ne3 {[%emt 0:00:13]} Ra1 {[%emt 0:00:21]} 65. Nxc4 {[%emt 0:00:19]} a4 {[%emt 0:00:28]} 66. d6 {[%emt 0:00:24]} a3 {[%emt 0:00:18]} 67. Nxa3 {[%emt 0:00:08]} Rh1 {[%emt 0:00:15]} 68. Nc4 {[%emt 0:00:14]} Rh2+ {[%emt 0:00:31]} 69. Ke3 {[%emt 0:00:08]} Rxh3+ {[%emt 0:00:08]} 70. Kf4 {[%emt 0:00:03]} 1-0

[Event "11th LCC FIDE Open 2019"]
[Site "London"]
[Date "2019.12.02"]
[Round "5.45"]
[White "Auyeung, Chi Hung Jonathan"]
[Black "Pollack, Oscar"]
[Result "0-1"]
[WhiteElo "1770"]
[BlackElo "2112"]
[Annotator "TA"]
[PlyCount "62"]
[EventDate "2019.11.29"]
[EventType "swiss"]
[EventCountry "ENG"]
[SourceTitle "playchess.com"]
[Source "ChessBase"]
[SourceQuality "1"]

{[%evp 11,104,7,17,12,17,11,8,-44,-42,-35,-39,-35,-25,-32,-21,-66,-62,-292,-322,-308,-292,-347,-324,-334,-343,-321,-54,-73,-93,-67,-71,-66,-69,-74,-58,-56,-51,-318,0,0,0,-578,-548,-556,-537,-678,-683,-653,-592,-545,-93,-82,-9,-15,-9,-12,0,-6,0,0,0,0,0,0,0,-43,-75,-95,-83,-12844,-12845,-12845,-12845,-12846,-12846,-12847,-12845,-12847,-12848,-12851,-12851,-12851,-27999,-12851,-27999,-12851,-27999,-12851,-27999,-12851,-27999,-12851,-27999,-27999,-27999]} 1. c4 g6 2. g3 Bg7 3. Bg2 e5 4. Nc3 Nc6 5. e4 d6 6. Nge2 Nge7 7. O-O {A25: English Opening vs King's Indian with ...Nc6 but without early d3} (7. d3 O-O 8. O-O Be6 9. Nd5 Qd7 10. Be3 f5 11. Qd2 Rae8 12. Rae1 Kh8 13. b3 Ng8 14. exf5 Bxf5 15. d4 Rf7 16. dxe5 Nxe5 17. Ndf4 Nf6 18. h4 Ne4 19. Qd1 Nc5 {1-0 (30) Iturrizaga Bonelli,E (2635)-Kelires,A (2514) Chania 2019}) 7... h5 8. d3 h4 9. Be3 $146 (9. Nd5 $11) ({Predecessor:} 9. Bg5 f6 10. Be3 Be6 11. f4 hxg3 12. hxg3 Qd7 13. Kf2 f5 14. Rh1 Rxh1 15. Qxh1 {0-1 (30) Frutos Moreno,C (1445)-Heinechen,J (2143) Asuncion 2019}) 9... Nd4 $15 10. Nb5 {[%cal Rb5d4]} c5 11. Nexd4 cxd4 12. Bd2 {next Bb4 is good for White.} a6 13. Qa4 {Nc7+ is the strong threat.} Nc6 14. f4 $2 ({Better is} 14. Na3 $15) 14... hxg3 $19 15. hxg3 Bh3 16. Na3 Qd7 (16... Bxg2 17. Kxg2 Qd7 18. Rh1 $17) 17. f5 gxf5 18. exf5 Bxf5 $2 (18... O-O-O $19 {And now ...Bh6 would win.} 19. Qd1 Bxf5) 19. Bxc6 bxc6 {[#]} 20. Rxf5 $1 {[%mdl 512]} Qxf5 21. Qxc6+ Ke7 22. Rf1 $1 {[%cal Rf1f5]} Qc8 $1 {[%cal Rc8c6]} ({Reject} 22... Qh5 23. Bg5+ $1 {[%mdl 512]} f6 24. Qb7+ Ke6 25. Qd5+ (25. Bh4 Qg4 $17) 25... Ke7 26. Qb7+ Ke6 27. Qd5+ (27. Bh4 Qg4 $17) 27... Ke7 28. Qb7+ $11) 23. Qd5 f6 $1 {[#] Threatens to win with ...Rb8.} 24. Bb4 $2 {[%mdl 8192]} ({Only move:} 24. c5 $1 $15 {[%mdl 512]} dxc5 (24... Qxc5 25. Qb7+) 25. Nc4) 24... Qd7 $2 (24... Qe6 $1 $19 {Strongly threatening ...Rab8.} 25. Qf3 Rab8) 25. c5 $11 Rab8 26. c6 $2 {[%mdl 8192]} (26. Nc4 $11 {and White stays safe.} dxc5 27. Bxc5+ Kd8 28. Nd6) 26... Qe6 $19 27. Qxe6+ Kxe6 28. Ba5 Rxb2 29. c7 Rxa2 30. Nc4 Bh6 $2 (30... d5 $19 {and Black stays clearly on top.} 31. Nb6 Rxa5) 31. Rb1 $17 {[#] Hoping for Rb8.} Rc8 {Played: Ra2xa5} 0-1

[Event "11th LCC FIDE Open 2019"]
[Site "London"]
[Date "2019.12.02"]
[Round "5.46"]
[White "Tanmay, Chopra"]
[Black "Chilton, James I"]
[Result "1-0"]
[WhiteElo "2082"]
[BlackElo "1711"]
[Annotator "NA RC"]
[PlyCount "113"]
[EventDate "2019.11.29"]
[EventType "swiss"]
[EventCountry "ENG"]
[SourceTitle "playchess.com"]
[Source "ChessBase"]
[SourceQuality "1"]
[TimeControl "40/5400+30:1800+30"]

1. Nf3 {[%emt 0:00:00]} d5 {[%emt 0:00:00]} 2. c4 {[%emt 0:00:00]} d4 {[%emt 0:00:00]} 3. d3 {[%emt 0:01:02]} c5 {[%emt 0:00:51]} 4. g3 {[%emt 0:00:09]} Nc6 {[%emt 0:00:28]} 5. Bg2 {[%emt 0:00:03]} e5 {[%emt 0:00:35]} 6. O-O {[%emt 0:00:16]} Nf6 {[%emt 0:01:00]} 7. Bg5 {[%emt 0:00:37]} h6 {[%emt 0:00:42] A09: Réti Opening: 1 Nf3 d5 2 c4} (7... Be7 8. Na3 O-O 9. Nc2 h6 10. Bxf6 Bxf6 11. a3 a5 12. Rb1 Be7 13. e3 Bg4 14. h3 Be6 15. Re1 {½-½ (40) Cordova,E (2584)-Pogorelov,R (2417) Barcelona 2012}) 8. Bxf6 {[%emt 0:00:15]} Qxf6 {[%emt 0:00:15]} 9. Na3 {[%emt 0:04:16]} Bd6 {[%emt 0:01:35]} 10. Nd2 {[%emt 0:01:49]} a6 $146 {[%emt 0:02:43]} ({Predecessor:} 10... Qe7 11. Nc2 O-O 12. e3 dxe3 13. Nxe3 Nd4 14. Nd5 Qd8 15. Ne4 {1-0 (52) Glaeser,W (2129)-Pantel,H (1834) Buesum 2017}) 11. e3 {[%emt 0:03:43]} Bf5 {[%emt 0:02:42]} 12. Ne4 {[%emt 0:03:08]} Qe7 {[%emt 0:03:07]} 13. exd4 {[%emt 0:07:52]} cxd4 {[%emt 0:02:21]} 14. c5 {[%emt 0:07:53]} Bxc5 {[%emt 0:10:34]} 15. Nxc5 {[%emt 0:00:15]} Qxc5 {[%emt 0:00:02]} 16. Rc1 {[%emt 0:00:06]} Qa7 {[%emt 0:09:29]} 17. Rxc6 {[%emt 0:02:39]} bxc6 {[%emt 0:00:43]} 18. Bxc6+ {[%emt 0:00:12]} Bd7 {[%emt 0:06:37]} 19. Bxa8 {[%emt 0:00:06]} Qxa8 {[%emt 0:00:05]} 20. Re1 {[%emt 0:00:50]} O-O {[%emt 0:13:26]} 21. Rxe5 {[%emt 0:01:03]} Bc6 {[%emt 0:16:36]} 22. f4 {[%emt 0:06:00]} Bf3 {[%emt 0:04:05]} 23. Qf1 {[%emt 0:00:37]} f6 {[%emt 0:01:38]} 24. Re1 {[%emt 0:00:12]} g5 {[%emt 0:00:49]} 25. Qh3 {[%emt 0:11:36]} (25. Nc2 $16) 25... h5 {[%emt 0:09:06]} 26. Qe6+ {[%emt 0:15:31]} Kh8 {[%emt 0:03:14]} 27. fxg5 {[%emt 0:00:16]} Bd5 {[%emt 0:06:56]} 28. Qe2 {[%emt 0:02:22]} Bf3 {[%emt 0:00:25]} 29. Qe7 {[%emt 0:00:01]} Bh1 {[%emt 0:00:51]} 30. Re2 {[%emt 0:00:40]} fxg5 {[%emt 0:01:51]} 31. Qe5+ {[%emt 0:02:36]} Kh7 {[%emt 0:00:22]} 32. Qxg5 {[%emt 0:00:31]} Qf3 {[%emt 0:01:22]} 33. Re7+ {[%emt 0:00:48]} Rf7 {[%emt 0:00:10]} 34. Rxf7+ {[%emt 0:00:20]} Qxf7 {[%emt 0:00:05]} 35. Qf4 {[%emt 0:01:28]} Qd5 {[%emt 0:01:16]} 36. Qf2 {[%emt 0:03:21]} h4 {[%emt 0:00:26]} 37. Nc2 {[%emt 0:01:41]} h3 {[%emt 0:00:46]} 38. Nxd4 {[%emt 0:01:10]} Kg8 {[%emt 0:01:13]} 39. b3 {[%emt 0:02:04]} Bg2 {[%emt 0:00:26]} 40. Qe3 {[%emt 0:01:11]} Qc5 {[%emt 0:00:36]} 41. Kf2 {[%emt 0:33:32]} Qc3 {[%emt 0:02:48]} 42. Ne2 {[%emt 0:00:00]} Qc2 {[%emt 0:05:49]} 43. Qe6+ {[%emt 0:00:00]} Kh8 {[%emt 0:00:52]} 44. Ke3 {[%emt 0:00:00]} Bf1 $2 {[%emt 0:01:00]} (44... Qxa2 45. Qf6+ Kg8 46. Qe6+ Kf8 47. Qc8+ Ke7 48. Qc7+ Kf6 49. Qc3+ Ke6 50. Qc8+ Ke7 51. Qc7+ Ke8 52. Qc8+ Ke7) 45. Qf6+ {[%emt 0:00:00]} Kg8 {[%emt 0:01:00]} 46. Qxf1 {[%emt 0:00:00]} Qxa2 {[%emt 0:00:41]} 47. Qxh3 {[%emt 0:00:00]} Qxb3 {[%emt 0:00:13]} 48. Qc8+ {[%emt 0:00:00]} Kh7 {[%emt 0:00:23]} 49. Qxa6 {[%emt 0:00:00]} Qd1 {[%emt 0:00:45]} 50. Qb7+ {[%emt 0:00:00]} Kh8 {[%emt 0:00:18]} 51. Qc8+ {[%emt 0:00:00]} Kh7 {[%emt 0:00:12]} 52. g4 {[%emt 0:00:00]} Qh1 {[%emt 0:00:24]} 53. Qf5+ {[%emt 0:00:00]} Kh8 {[%emt 0:00:08]} 54. Qe5+ {[%emt 0:00:00]} Kg8 {[%emt 0:00:23]} 55. d4 {[%emt 0:00:00]} Qg2 {[%emt 0:00:37]} 56. d5 {[%emt 0:00:00]} Qxg4 {[%emt 0:00:18]} 57. Qg3 {[%emt 0:00:00]} 1-0

[Event "11th LCC FIDE Open 2019"]
[Site "London"]
[Date "2019.12.02"]
[Round "5.46"]
[White "Auyeung, Chi Hung Jonathan"]
[Black "Pollack, Oscar"]
[Result "*"]
[WhiteElo "1770"]
[BlackElo "2112"]
[Annotator "ChessBase"]
[PlyCount "26"]
[EventDate "2019.11.29"]
[EventType "swiss"]
[EventCountry "ENG"]
[SourceTitle "playchess.com"]
[Source "ChessBase"]
[SourceQuality "1"]
[TimeControl "40/5400+30:1800+30"]

1. c4 {[%emt 0:00:00]} g6 {[%emt 0:00:00]} 2. g3 {[%emt 0:00:00]} Bg7 {[%emt 0:00:05]} 3. Bg2 {[%emt 0:00:00]} e5 {[%emt 0:00:00]} 4. Nc3 {[%emt 0:00:31]} Nc6 {[%emt 0:00:15]} 5. e4 {[%emt 0:01:17]} d6 {[%emt 0:02:39]} 6. Nge2 {[%emt 0:01:34]} Nge7 {[%emt 0:01:08]} 7. O-O {[%emt 0:00:56]} h5 {[%emt 0:01:52]} 8. d3 {[%emt 0:18:12]} h4 {[%emt 0:05:59]} 9. Be3 {[%emt 0:04:20]} Nd4 {[%emt 0:03:09]} 10. Nb5 {[%emt 0:09:10]} c5 {[%emt 0:03:50]} 11. Nexd4 {[%emt 0:04:29]} cxd4 {[%emt 0:03:29]} 12. Bd2 {[%emt 0:01:42]} a6 {[%emt 0:01:39]} 13. Qa4 {[%emt 0:03:25]} Nc6 {[%emt 0:02:56]} *

[Event "11th LCC FIDE Open 2019"]
[Site "London"]
[Date "2019.12.02"]
[Round "5.47"]
[White "Coote, Trevor D"]
[Black "Grey, Nicholas D"]
[Result "0-1"]
[WhiteElo "2075"]
[BlackElo "1692"]
[Annotator "NA RC"]
[PlyCount "102"]
[EventDate "2019.11.29"]
[EventType "swiss"]
[EventCountry "ENG"]
[SourceTitle "playchess.com"]
[Source "ChessBase"]
[SourceQuality "1"]
[TimeControl "40/5400+30:1800+30"]

1. d4 {[%emt 0:00:00]} Nf6 {[%emt 0:00:01]} 2. Nc3 {[%emt 0:00:00]} d6 {[%emt 0:01:12]} 3. e4 {[%emt 0:00:00]} g6 {[%emt 0:00:49]} 4. Be2 {[%emt 0:00:30]} Bg7 {[%emt 0:01:22]} 5. Be3 {[%emt 0:00:10]} O-O {[%emt 0:04:05]} 6. Qd2 {[%emt 0:01:14]} c6 {[%emt 0:06:31]} 7. Bh6 {[%emt 0:07:25] B07: Pirc Defence: Miscellaneous Systems} b5 {[%emt 0:10:10]} 8. a3 {[%emt 0:01:40]} Bb7 {[%emt 0:07:36]} (8... e5 9. d5 cxd5 10. exd5 Bxh6 11. Qxh6 {0-1 (66) Kelires,A (2530)-Saric,I (2689) Rio Achaea 2018}) 9. h4 $146 {[%emt 0:01:58]} ({Predecessor:} 9. Bxg7 Kxg7 10. h4 Qa5 11. O-O-O b4 12. Qg5 Qxg5+ 13. hxg5 bxc3 14. gxf6+ exf6 15. bxc3 {1-0 (48) Raabe,H (1425)-Baier,J (1448) Dortmund 2001}) 9... c5 {[%emt 0:01:37]} 10. Bxg7 {[%emt 0:02:22]} Kxg7 {[%emt 0:01:38]} 11. dxc5 {[%emt 0:01:35]} dxc5 {[%emt 0:04:07]} 12. Qxd8 {[%emt 0:14:01]} Rxd8 {[%emt 0:00:37]} 13. f3 {[%emt 0:22:37]} a6 {[%emt 0:04:33]} 14. g4 {[%emt 0:00:59]} Nc6 {[%emt 0:04:01]} 15. Nh3 {[%emt 0:05:48]} Nd4 {[%emt 0:01:16]} 16. Bd1 {[%emt 0:00:25]} Rac8 {[%emt 0:16:29]} 17. O-O {[%emt 0:03:29]} Nd7 {[%emt 0:02:19]} 18. Nf4 {[%emt 0:03:44]} Nb6 {[%emt 0:02:22]} 19. b3 {[%emt 0:05:03]} a5 {[%emt 0:06:21]} 20. Rf2 {[%emt 0:03:21]} c4 {[%emt 0:03:05]} 21. Nce2 {[%emt 0:02:30]} e5 {[%emt 0:01:17]} 22. Nxd4 {[%emt 0:01:46]} exd4 {[%emt 0:02:58]} 23. Rd2 {[%emt 0:04:52]} Rd7 {[%emt 0:01:41]} 24. Kf2 {[%emt 0:03:01]} Rcd8 {[%emt 0:01:59]} 25. Be2 {[%emt 0:01:25]} d3 {[%emt 0:02:17]} 26. cxd3 {[%emt 0:02:07]} cxb3 {[%emt 0:01:22]} 27. Rb2 {[%emt 0:00:39]} a4 {[%emt 0:01:05]} 28. Rc1 {[%emt 0:01:36]} Rc8 {[%emt 0:01:23]} 29. Rxc8 {[%emt 0:01:08]} Bxc8 {[%emt 0:00:58]} 30. Ke3 {[%emt 0:00:19]} Rc7 {[%emt 0:02:15]} 31. Kd2 {[%emt 0:01:06]} f6 {[%emt 0:03:02]} 32. Bd1 {[%emt 0:01:03]} g5 {[%emt 0:01:08]} 33. hxg5 {[%emt 0:00:58]} fxg5 {[%emt 0:00:17]} 34. Ne2 {[%emt 0:00:02]} Be6 {[%emt 0:00:53]} 35. Nd4 {[%emt 0:00:08]} Bd7 {[%emt 0:00:50]} 36. Ne2 {[%emt 0:01:35]} b4 {[%emt 0:00:57]} 37. axb4 {[%emt 0:00:49]} Be6 {[%emt 0:00:43]} 38. Nd4 {[%emt 0:00:08]} Bf7 {[%emt 0:00:41]} 39. Nb5 {[%emt 0:02:05]} Rd7 {[%emt 0:00:25]} 40. Na3 {[%emt 0:00:07]} Nc4+ {[%emt 0:01:01]} 41. Nxc4 {[%emt 0:32:27]} Bxc4 {[%emt 0:30:26]} 42. Kc3 {[%emt 0:00:47]} Bf7 {[%emt 0:02:20]} 43. d4 {[%emt 0:01:03]} Rc7+ {[%emt 0:00:00]} 44. Kd2 {[%emt 0:00:00]} a3 {[%emt 0:00:00]} (44... Ra7 $142 45. Bxb3 Bxb3) 45. Rxb3 {[%emt 0:00:00]} Bxb3 {[%emt 0:00:00]} 46. Bxb3 {[%emt 0:00:00]} Rc8 {[%emt 0:00:00]} 47. e5 {[%emt 0:00:00]} Rf8 {[%emt 0:00:00]} 48. Ke3 {[%emt 0:00:00]} Rb8 $2 {[%emt 0:00:00]} (48... Ra8 49. Ke4 a2 50. Bxa2 Rxa2) 49. e6 {[%emt 0:00:00]} (49. Kd3 $142 Rxb4 50. Kc3) 49... Rxb4 {[%emt 0:00:00]} 50. Ba2 {[%emt 0:00:00]} Kf6 {[%emt 0:00:00]} 51. d5 {[%emt 0:00:00]} Ke7 {[%emt 0:00:00]} 0-1